[Event "First Saturday 2012 aprilis FM-A"]
[Site "Budapest"]
[Date "2012.04.07"]
[Round "1.1"]
[White "Juracsik, Jozsef"]
[Black "Havaskori, Laszlo"]
[Result "1/2-1/2"]
[WhiteElo "2147"]
[BlackElo "1977"]
[PlyCount "87"]
[EventDate "2012.04.07"]

1. e4 g6 2. d4 Bg7 3. Nc3 d6 4. Be3 c6 5. Qd2 Nd7 6. f4 e6 7. Nf3 Ne7 8. O-O-O
Nb6 9. g4 h5 10. gxh5 Rxh5 11. Be2 Rh8 12. h4 d5 13. e5 Nf5 14. Bf2 Bd7 15. Ng5
Qe7 16. a3 O-O-O 17. Na2 Kb8 18. Kb1 Bh6 19. Nc1 Bxg5 20. hxg5 Bc8 21. Nb3 Qc7
22. Qb4 Ka8 23. Qa5 Kb8 24. Nd2 Nd7 25. Qxc7+ Kxc7 26. b3 b6 27. Bd3 Nb8 28.
Bxf5 exf5 29. Rh6 Be6 30. Rdh1 Rhg8 31. Nf3 Nd7 32. Be1 a5 33. Bd2 Kb7 34. Kb2
Rc8 35. Rc1 Ka6 36. c3 c5 37. Be3 c4 38. Nd2 b5 39. Rh2 Nb6 40. b4 axb4 41.
axb4 Kb7 42. Ra1 Ra8 43. Rxa8 Rxa8 44. Nb1 1/2-1/2

[Event "First Saturday 2012 aprilis FM-A"]
[Site "Budapest"]
[Date "2012.04.07"]
[Round "1.1"]
[White "Nadassy, Attila"]
[Black "Waisberg, Arnold"]
[Result "1-0"]
[WhiteElo "2062"]
[BlackElo "2023"]
[PlyCount "81"]
[EventDate "2012.04.07"]

1. Nf3 f5 2. b3 Nf6 3. Bb2 e6 4. c4 Nc6 5. g3 Be7 6. Bg2 d6 7. O-O e5 8. d3 O-O
9. Nbd2 Qe8 10. a3 Qh5 11. e3 f4 12. exf4 exf4 13. Nd4 Bg4 14. Bf3 Nxd4 15.
Bxd4 c5 16. Bb2 Rae8 17. Kh1 fxg3 18. fxg3 Bxf3+ 19. Qxf3 Ng4 20. Qe2 Qg6 21.
Ne4 Nf6 22. Rae1 Nxe4 23. Rxf8+ Bxf8 24. dxe4 Be7 25. Qd3 Bg5 26. Qd5+ Kh8 27.
Qxb7 Bd2 28. Rf1 h5 29. Rf7 Bh6 30. Rf5 Qg4 31. Qd5 Qxe4+ 32. Qxe4 Rxe4 33. Kg2
Kg8 34. Kf2 Re3 35. Rf3 Rxf3+ 36. Kxf3 Kf7 37. Ke4 Ke6 38. b4 cxb4 39. axb4 Bd2
40. b5 Ba5 41. Bxg7 1-0

[Event "First Saturday 2012 aprilis FM-A"]
[Site "Budapest"]
[Date "2012.04.08"]
[Round "1.2"]
[White "Wang, Xinyue"]
[Black "Waisberg, Arnold"]
[Result "1-0"]
[WhiteElo "1954"]
[BlackElo "2023"]
[PlyCount "115"]
[EventDate "2012.04.07"]

1. d4 d5 2. c4 dxc4 3. e4 e5 4. Nf3 exd4 5. Bxc4 Bb4+ 6. Bd2 Bxd2+ 7. Nbxd2 Nc6
8. O-O Nf6 9. e5 Ng4 10. h3 Nh6 11. e6 fxe6 12. Re1 O-O 13. Bxe6+ Bxe6 14. Rxe6
Qd5 15. Qe2 d3 16. Qe4 Qxe4 17. Nxe4 Rfe8 18. Nc5 Rxe6 19. Nxe6 Nf7 20. Rd1
Nfe5 21. Nxe5 Nxe5 22. f4 Re8 23. Nxc7 Rc8 24. Nb5 Ng6 25. Rxd3 Nxf4 26. Rd2 a6
27. Nc3 Rc7 28. Kf2 Kf7 29. Ke3 g5 30. h4 h6 31. hxg5 hxg5 32. g3 Ne6 33. Rf2+
Kg7 34. Rf5 Kg6 35. g4 Rh7 36. Nd5 Rh3+ 37. Ke4 Nc5+ 38. Ke5 Nd3+ 39. Ke6 Nc5+
40. Kd6 Ne4+ 41. Ke5 Nc5 42. Ne7+ Kh7 43. Rf7+ Kh8 44. Kf6 Nd7+ 45. Kxg5 Rh7
46. Rxh7+ Kxh7 47. Kf5 Nc5 48. g5 Kg7 49. Nd5 Nd3 50. b4 Nc1 51. a4 Ne2 52. Ke5
Ng3 53. Nf4 Nf1 54. Kd6 Ne3 55. Kc7 Nc2 56. Nd5 b5 57. a5 Kg6 58. Kb6 1-0

[Event "First Saturday 2012 aprilis FM-A"]
[Site "Budapest"]
[Date "2012.04.09"]
[Round "1.3"]
[White "Juracsik, Jozsef"]
[Black "Wang, Xinyue"]
[Result "1-0"]
[WhiteElo "2147"]
[BlackElo "1954"]
[PlyCount "126"]
[EventDate "2012.04.07"]

1. e4 c6 2. d4 d5 3. e5 Bf5 4. g4 Bc8 5. h4 e6 6. h5 h6 7. f4 c5 8. c3 Nc6 9.
Nf3 Bd7 10. a3 Qb6 11. b4 cxd4 12. cxd4 O-O-O 13. Nc3 Nce7 14. Be3 f5 15. g5 g6
16. hxg6 Nxg6 17. b5 Re8 18. Na4 Qd8 19. Rc1+ Kb8 20. Qb3 hxg5 21. Rxh8 Nxh8
22. Nxg5 Nh6 23. Nc5 N8f7 24. Nf3 Ng4 25. Bd2 Be7 26. a4 Rh8 27. a5 Rh1 28.
Nxd7+ Qxd7 29. b6 Bd8 30. bxa7+ Kxa7 31. Rb1 Nh8 32. Bb4 Ng6 33. Bc5+ Ka8 34.
Ra1 Nxf4 35. a6 b6 36. Bxb6 Bxb6 37. Qxb6 Ne3 38. Kf2 Rxf1+ 39. Rxf1 Nxf1 40.
Kxf1 Qc8 41. Kf2 Qb8 42. Qxb8+ Kxb8 43. Ng5 Ka7 44. Kf3 Ng6 45. Nxe6 Kxa6 46.
Nc7+ Kb6 47. Nxd5+ Kc6 48. Ne3 f4 49. Ng2 Ne7 50. Nxf4 Nf5 51. Ke4 Ng3+ 52. Kd3
Nf5 53. Ne2 Kd5 54. Nf4+ Kc6 55. Ke4 Ng3+ 56. Kf3 Nf5 57. d5+ Kd7 58. Ne2 Nh4+
59. Ke4 Ng6 60. Nd4 Ne7 61. Nf5 Ng6 62. Ne3 Nf8 63. Nf5 Kc7 1-0

[Event "First Saturday 2012 aprilis FM-A"]
[Site "Budapest"]
[Date "2012.04.09"]
[Round "1.3"]
[White "Waisberg, Arnold"]
[Black "Havaskori, Laszlo"]
[Result "0-1"]
[WhiteElo "2023"]
[BlackElo "1977"]
[PlyCount "42"]
[EventDate "2012.04.07"]

1. e4 g6 2. d4 Bg7 3. Nc3 c6 4. Bc4 d6 5. Bb3 Nd7 6. Bg5 h6 7. Bh4 Nf8 8. f4
Qa5 9. Nf3 Qh5 10. O-O Bg4 11. Bg3 Ne6 12. Bxe6 fxe6 13. e5 d5 14. Qd2 Bxf3 15.
Rxf3 Qf5 16. Qd3 h5 17. Qxf5 exf5 18. h3 e6 19. Bh4 Rh7 20. Ne2 Bf8 21. c3 c5
0-1

[Event "First Saturday 2012 aprilis FM-A"]
[Site "Budapest"]
[Date "2012.04.10"]
[Round "1.4"]
[White "Wang, Xinyue"]
[Black "Havaskori, Laszlo"]
[Result "1-0"]
[WhiteElo "1954"]
[BlackElo "1977"]
[PlyCount "59"]
[EventDate "2012.04.07"]

1. d4 Nf6 2. c4 g6 3. Nc3 Bg7 4. e4 d6 5. Nf3 O-O 6. Be2 c6 7. O-O Nbd7 8. Qc2
Re8 9. Rd1 Qc7 10. h3 e5 11. Be3 Bf8 12. b4 a5 13. b5 exd4 14. Nxd4 Nc5 15. Bf3
Nfd7 16. bxc6 bxc6 17. Nxc6 Qxc6 18. e5 Qa6 19. Bxa8 Qxa8 20. exd6 Qc6 21. Bxc5
Nxc5 22. Nb5 Bg7 23. Na7 Qd7 24. Nxc8 Rxc8 25. Rab1 Qc6 26. Rb5 Nd7 27. Rxa5
Rb8 28. c5 Rc8 29. Qc4 Bf6 30. Qd5 1-0

[Event "First Saturday 2012 aprilis FM-A"]
[Site "Budapest"]
[Date "2012.04.10"]
[Round "1.4"]
[White "Juracsik, Jozsef"]
[Black "Nadassy, Attila"]
[Result "1-0"]
[WhiteElo "2147"]
[BlackElo "2062"]
[PlyCount "120"]
[EventDate "2012.04.07"]

1. e4 d5 2. exd5 Qxd5 3. Nf3 Bg4 4. Be2 Nf6 5. d4 Nc6 6. c4 Qd7 7. d5 Bxf3 8.
Bxf3 Ne5 9. Be2 e6 10. Nc3 Bb4 11. Qb3 Bxc3+ 12. Qxc3 Ng6 13. dxe6 Qxe6 14. O-O
O-O 15. Bf3 c6 16. b3 Nh4 17. Bb2 Nxf3+ 18. Qxf3 Rfe8 19. h3 Qe4 20. Qc3 Qg6
21. Rfe1 b6 22. Rad1 Nh5 23. Qf3 c5 24. Re5 Nf6 25. Rf5 Ne4 26. h4 Qe6 27. Re5
Qc6 28. Re1 Rxe5 29. Bxe5 Re8 30. Bb2 Re6 31. Rd1 Qe8 32. g3 h6 33. Qg4 Rg6 34.
Qd7 Qxd7 35. Rxd7 Rd6 36. Rxd6 Nxd6 37. Be5 Nc8 38. g4 f6 39. Bb8 g6 40. Kg2
Kf7 41. h5 gxh5 42. gxh5 Ke6 43. Kf3 Kf5 44. Bf4 a6 45. Bxh6 b5 46. cxb5 axb5
47. Be3 c4 48. bxc4 bxc4 49. a4 Nd6 50. a5 Nb5 51. a6 c3 52. a7 Nc7 53. Ke2 Ke6
54. Kd3 f5 55. Bb6 Na8 56. Bd8 f4 57. Kxc3 Kf7 58. Kc4 Kg7 59. Kd5 Kh6 60. Kc6
Kxh5 1-0

[Event "First Saturday 2012 aprilis FM-A"]
[Site "Budapest"]
[Date "2012.04.11"]
[Round "1.5"]
[White "Nadassy, Attila"]
[Black "Wang, Xinyue"]
[Result "0-1"]
[WhiteElo "2062"]
[BlackElo "1954"]
[PlyCount "94"]
[EventDate "2012.04.07"]

1. Nf3 d5 2. b3 Nf6 3. Bb2 g6 4. e3 Bg7 5. d4 Nbd7 6. Bd3 O-O 7. Nbd2 c5 8. O-O
cxd4 9. exd4 b6 10. Re1 Re8 11. h3 Qc7 12. Qe2 Nh5 13. g3 a6 14. c4 Nc5 15.
cxd5 Nxg3 16. Qe3 Nxd3 17. Qxd3 Nh5 18. Ne5 Bb7 19. Rac1 Qd6 20. Qf3 Qxd5 21.
Qxd5 Bxd5 22. Rc7 Nf4 23. Ndc4 Rac8 24. Rxc8 Rxc8 25. Nxb6 Rc2 26. Nxd5 Nxd5
27. Nc4 Bf6 28. a4 Bh4 29. Rf1 Nf4 30. Ba3 Bxf2+ 31. Kh1 Bg3 32. Rf3 Ne2 33.
Kg2 Bh4 34. Re3 Nxd4+ 35. Kf1 Rf2+ 36. Ke1 Nc2+ 37. Kd1 Nxe3+ 38. Nxe3 f5 39.
Nc4 Bf6 40. a5 Rf3 41. Nd2 Rxh3 42. Bc5 e5 43. b4 e4 44. Nc4 Rd3+ 45. Ke2 f4
46. Nd6 f3+ 47. Ke1 Bh4+ 0-1

[Event "First Saturday 2012 aprilis FM-A"]
[Site "Budapest"]
[Date "2012.04.11"]
[Round "1.5"]
[White "Waisberg, Arnold"]
[Black "Juracsik, Jozsef"]
[Result "0-1"]
[WhiteElo "2023"]
[BlackElo "2147"]
[PlyCount "62"]
[EventDate "2012.04.07"]

1. e4 c5 2. d4 cxd4 3. Nf3 d6 4. Nxd4 Nf6 5. Nc3 a6 6. a3 b5 7. Bd3 Bb7 8. O-O
e6 9. Kh1 Nbd7 10. Bg5 Be7 11. f4 Qc7 12. f5 e5 13. Nf3 Nb6 14. Qe2 O-O 15.
Rad1 Rfe8 16. Bxf6 gxf6 17. Nh4 Kh8 18. Qh5 Bd8 19. Rf3 Rg8 20. Rh3 Rg7 21. Qh6
Be7 22. Ne2 d5 23. Ng3 dxe4 24. Nxe4 Nd5 25. g3 Qc6 26. Ng2 Rd8 27. Ne3 Nf4 28.
Rh4 Bc5 29. Re1 Nxd3 30. cxd3 Rxd3 31. h3 Bxe3 0-1

[Event "First Saturday 2012 aprilis FM-A"]
[Site "Budapest"]
[Date "2012.04.12"]
[Round "2.1"]
[White "Havaskori, Laszlo"]
[Black "Juracsik, Jozsef"]
[Result "0-1"]
[WhiteElo "1977"]
[BlackElo "2147"]
[PlyCount "62"]
[EventDate "2012.04.07"]

1. d4 Nf6 2. Nf3 c5 3. g3 cxd4 4. Bg2 e5 5. O-O Nc6 6. c3 dxc3 7. Nxc3 Be7 8.
Bg5 d6 9. Nb5 a6 10. Bxf6 gxf6 11. Nc3 f5 12. Qd2 e4 13. Nh4 Bg5 14. e3 O-O 15.
Rad1 Be6 16. Nd5 Ne7 17. Nxe7+ Qxe7 18. Qxd6 Qxd6 19. Rxd6 Rfc8 20. Bh3 Rc5 21.
b4 Rb5 22. Rc1 Bxh4 23. gxh4 Rxb4 24. h5 Kg7 25. Rc5 Kf6 26. Kf1 Rb5 27. Rc2
Kg5 28. Bg2 Rb1+ 29. Ke2 Rg1 30. f4+ Kxh5 31. Kf2 Rb1 0-1

[Event "First Saturday 2012 aprilis FM-A"]
[Site "Budapest"]
[Date "2012.04.13"]
[Round "2.2"]
[White "Waisberg, Arnold"]
[Black "Wang, Xinyue"]
[Result "0-1"]
[WhiteElo "2023"]
[BlackElo "1954"]
[PlyCount "88"]
[EventDate "2012.04.07"]

1. e4 e5 2. Bc4 Nf6 3. d3 Bc5 4. Nc3 d6 5. Na4 Bb6 6. Nxb6 axb6 7. f4 Nc6 8.
Nf3 Bg4 9. h3 Bxf3 10. Qxf3 Nd4 11. Qf2 b5 12. Bb3 Nxb3 13. cxb3 O-O 14. O-O
Nd7 15. Be3 c5 16. f5 f6 17. Qc2 Kh8 18. a4 b4 19. Rac1 Nb8 20. g4 Nc6 21. Kh2
Qe7 22. Rg1 Qf7 23. g5 Na5 24. g6 Qxb3 25. Qe2 hxg6 26. fxg6 Rfd8 27. Qh5+ Kg8
28. Qh7+ Kf8 29. Qh8+ Qg8 30. Qh5 Nb3 31. Rcf1 Rxa4 32. Bg5 Ke7 33. Qh4 Rf8 34.
Be3 Ra2 35. Rf5 Rxb2+ 36. Kh1 Ra8 37. Rh5 Raa2 38. Rg4 Nd4 39. Bxd4 cxd4 40.
Rh7 Rh2+ 41. Kg1 Rhd2 42. Kh1 Ra1+ 43. Rg1 Rxg1+ 44. Kxg1 Rd1+ 0-1

[Event "First Saturday 2012 aprilis FM-A"]
[Site "Budapest"]
[Date "2012.04.13"]
[Round "2.2"]
[White "Nadassy, Attila"]
[Black "Havaskori, Laszlo"]
[Result "1/2-1/2"]
[WhiteElo "2062"]
[BlackElo "1977"]
[PlyCount "155"]
[EventDate "2012.04.07"]

1. d4 Nf6 2. Nf3 g6 3. g3 Bg7 4. Bg2 O-O 5. O-O d6 6. c4 c6 7. Nc3 a5 8. Qc2
Qc7 9. Rb1 Re8 10. e4 e5 11. dxe5 dxe5 12. b3 Na6 13. a3 Bg4 14. h3 Bxf3 15.
Bxf3 Nc5 16. Be3 Bf8 17. b4 Ne6 18. Ne2 axb4 19. axb4 Ra3 20. Rb3 Rea8 21. Rxa3
Rxa3 22. c5 Ra8 23. Rd1 Rd8 24. Rd2 h5 25. Qd1 Be7 26. Bg2 h4 27. f4 hxg3 28.
Rxd8+ Bxd8 29. f5 Nf4 30. Nxg3 g5 31. Bf1 Qb8 32. Kh2 b5 33. Bd3 Qa8 34. Bb1
Be7 35. Qb3 Qf8 36. Ba2 Qg7 37. Bb1 Qh6 38. Bxf4 gxf4 39. Nf1 Qh5 40. Kg1 Nh7
41. Bc2 Ng5 42. Bd1 Qxh3 43. Qxh3 Nxh3+ 44. Kg2 Ng5 45. Nd2 Kf8 46. Bc2 Bf6 47.
Nb3 Ke7 48. Na5 Kd7 49. Nb3 Nh7 50. Kh3 Nf8 51. Bd1 Bd8 52. Bh5 Ke8 53. Na5
Bxa5 54. bxa5 Kd8 55. Bxf7 Nd7 56. a6 Kc7 57. Be8 Nxc5 58. a7 Kb7 59. Bxc6+
Kxa7 60. Bxb5 Nxe4 61. Kg4 Kb6 62. Be2 Kc5 63. Bf3 Nd6 64. f6 Kd4 65. Bd1 Ke3
66. Bb3 Ne8 67. f7 Nf6+ 68. Kf5 Nd7 69. Ba4 Nf8 70. Kxe5 f3 71. Bb5 f2 72. Kf6
Kd2 73. Kg7 Ne6+ 74. Kg8 Ke1 75. Bc4 f1=Q 76. Bxf1 Kxf1 77. f8=Q+ Nxf8 78. Kxf8
1/2-1/2

[Event "First Saturday 2012 aprilis FM-A"]
[Site "Budapest"]
[Date "2012.04.14"]
[Round "2.3"]
[White "Wang, Xinyue"]
[Black "Juracsik, Jozsef"]
[Result "0-1"]
[WhiteElo "1954"]
[BlackElo "2147"]
[PlyCount "97"]
[EventDate "2012.04.07"]

1. d4 Nf6 2. c4 c5 3. d5 e6 4. Nc3 exd5 5. cxd5 g6 6. Nf3 Bg7 7. Bf4 d6 8. h3
O-O 9. e3 Na6 10. Nd2 Nc7 11. Nc4 Nfe8 12. a4 f5 13. h4 b6 14. Be2 Bb7 15. Bf3
Ba6 16. Qb3 Qe7 17. O-O-O Bxc4 18. Qxc4 a6 19. Bg5 Bf6 20. Bxf6 Nxf6 21. Qf4
Nd7 22. Qg5 Qxg5 23. hxg5 b5 24. Rh4 Ne5 25. Be2 bxa4 26. Rdh1 Rf7 27. Rxa4 Rb8
28. Kc2 Re7 29. Rd1 Nf7 30. g4 fxg4 31. Ne4 Rb4 32. Rxb4 cxb4 33. Rd4 a5 34.
Bxg4 Kg7 35. Be2 Re5 36. Bc4 h6 37. gxh6+ Kxh6 38. Kb3 Re8 39. Ka4 Ra8 40. f4
Kg7 41. Nd2 Nd8 42. e4 Nb7 43. Nb3 Rh8 44. e5 Rh2 45. Nxa5 Nc5+ 46. Kxb4 Rxb2+
47. Ka3 Rb6 48. Nb3 Nxb3 49. Bxb3 0-1

[Event "First Saturday 2012 aprilis FM-A"]
[Site "Budapest"]
[Date "2012.04.14"]
[Round "2.3"]
[White "Havaskori, Laszlo"]
[Black "Waisberg, Arnold"]
[Result "1-0"]
[WhiteElo "1977"]
[BlackElo "2023"]
[PlyCount "49"]
[EventDate "2012.04.07"]

1. d4 d5 2. Nf3 Nf6 3. Bf4 e6 4. e3 c5 5. c3 Nc6 6. Bd3 c4 7. Bc2 Bd6 8. Bg3
O-O 9. Nbd2 Qc7 10. Qe2 e5 11. dxe5 Nxe5 12. Nxe5 Bxe5 13. Nf3 Bxg3 14. hxg3
Bg4 15. O-O-O Rad8 16. Rh4 b5 17. Bxh7+ Nxh7 18. Rxg4 b4 19. Rh1 bxc3 20. Rgh4
cxb2+ 21. Qxb2 f6 22. Rxh7 Rb8 23. Qc2 Qe7 24. Nd4 Kf7 25. Rxg7+ 1-0

[Event "First Saturday 2012 aprilis FM-A"]
[Site "Budapest"]
[Date "2012.04.15"]
[Round "2.4"]
[White "Havaskori, Laszlo"]
[Black "Wang, Xinyue"]
[Result "0-1"]
[WhiteElo "1977"]
[BlackElo "1954"]
[PlyCount "71"]
[EventDate "2012.04.07"]

1. d4 d5 2. Nf3 Nf6 3. c4 c6 4. e3 Bf5 5. Nc3 e6 6. cxd5 exd5 7. Bd3 Bxd3 8.
Qxd3 Bd6 9. O-O O-O 10. e4 Nxe4 11. Nxe4 dxe4 12. Qxe4 Nd7 13. Bg5 Re8 14. Qh4
f6 15. Bd2 Nb6 16. Ba5 Qd7 17. Bxb6 axb6 18. a3 Re2 19. Rab1 Qf5 20. d5 Re4 21.
Qh3 Qxh3 22. gxh3 cxd5 23. Rfd1 Rd8 24. Kg2 Be5 25. Rd3 Kf7 26. b3 Ke6 27. Rc1
Rd7 28. Rc8 Kf7 29. Rh8 h6 30. Rc8 Bc7 31. Nd4 Re8 32. Rxe8 Kxe8 33. Nb5 Be5
34. h4 h5 35. h3 Ke7 36. Kf3 {after 12 move} 0-1

[Event "First Saturday 2012 aprilis FM-A"]
[Site "Budapest"]
[Date "2012.04.15"]
[Round "2.4"]
[White "Nadassy, Attila"]
[Black "Juracsik, Jozsef"]
[Result "1-0"]
[WhiteElo "2062"]
[BlackElo "2147"]
[PlyCount "85"]
[EventDate "2012.04.07"]

1. d4 Nf6 2. Nc3 c5 3. d5 e6 4. e4 exd5 5. exd5 d6 6. Bb5+ Nbd7 7. a4 Be7 8.
Nf3 O-O 9. O-O a6 10. Be2 b6 11. Re1 Re8 12. h3 Bf8 13. Bf4 Bb7 14. Bc4 Qc7 15.
Qd2 g6 16. Rxe8 Rxe8 17. Re1 Qc8 18. Re2 Rxe2 19. Qxe2 Qa8 20. Qd1 Qe8 21. Qd3
Nb8 22. Kf1 Bc8 23. g4 h5 24. Nh2 hxg4 25. hxg4 Bd7 26. b3 Nxg4 27. Nxg4 Bxg4
28. Ne4 Bg7 29. Nxd6 Qe7 30. Nxf7 Qh4 31. Nh6+ Kh7 32. Nxg4 Qxg4 33. Bxb8 Bd4
34. Qg3 Qd1+ 35. Kg2 Kg7 36. d6 Bxf2 37. Qxf2 Qg4+ 38. Qg3 Qe4+ 39. Qf3 Qxc2+
40. Kg3 Qb1 41. Qf7+ Kh6 42. Qf8+ Kh5 43. Be2+ 1-0

[Event "First Saturday 2012 aprilis FM-A"]
[Site "Budapest"]
[Date "2012.04.16"]
[Round "2.5"]
[White "Wang, Xinyue"]
[Black "Nadassy, Attila"]
[Result "1-0"]
[WhiteElo "1954"]
[BlackElo "2062"]
[PlyCount "79"]
[EventDate "2012.04.07"]

1. d4 Nf6 2. c4 d6 3. Nc3 Bf5 4. Nf3 g6 5. g3 Bg7 6. Bg2 c6 7. Ng5 O-O 8. e4
Bd7 9. e5 dxe5 10. dxe5 Ng4 11. e6 Bxe6 12. Qxd8 Rxd8 13. Nxe6 fxe6 14. Bh3 h5
15. f3 Ne5 16. Bxe6+ Kh7 17. f4 Nf3+ 18. Kf2 Nd4 19. Bh3 Nc2 20. Rb1 Na6 21.
Ne4 Rd3 22. Bf1 Rd7 23. Bh3 Rd4 24. Ng5+ Kh8 25. Ne6 Rxc4 26. Nxg7 Kxg7 27. b3
Rc5 28. Bb2+ Kh6 29. Rhd1 Rd5 30. Bg2 Rdd8 31. a3 Nc5 32. Rbc1 Nd3+ 33. Rxd3
Rxd3 34. Rxc2 Rad8 35. Bc3 Rc8 36. Be4 Rd1 37. Re2 e6 38. Bc2 Rc1 39. Bb2 Rh1
40. Kg2 1-0

[Event "First Saturday 2012 aprilis FM-A"]
[Site "Budapest"]
[Date "2012.04.16"]
[Round "2.5"]
[White "Juracsik, Jozsef"]
[Black "Waisberg, Arnold"]
[Result "1-0"]
[WhiteElo "2147"]
[BlackElo "2023"]
[PlyCount "70"]
[EventDate "2012.04.07"]

1. e4 e5 2. Nf3 Nc6 3. Bc4 Nf6 4. d3 Bc5 5. O-O d6 6. c3 Bg4 7. Nbd2 O-O 8. b4
Bb6 9. a4 a5 10. b5 Ne7 11. h3 Bh5 12. Qc2 Re8 13. Ba2 Qd7 14. Nh2 d5 15. Ndf3
Bxf3 16. Nxf3 Ng6 17. Bg5 c6 18. bxc6 bxc6 19. Rab1 Rab8 20. Rb2 h6 21. Bxf6
gxf6 22. Rfb1 Ba7 23. Rxb8 Rxb8 24. Rxb8+ Bxb8 25. Qb3 Ba7 26. exd5 cxd5 27.
Nh2 Qf5 28. Ng4 Qxd3 29. Qb7 Qd1+ 30. Kh2 Qd2 31. Bxd5 Nh8 32. Qxa7 f5 33. Qe3
Qd1 34. Nf6+ Kg7 35. Qxe5 Kg6 1-0